00758nam a2200169Ia 4500001021300000002005100213008003700264010001100301530002200312650003900334650004900373650002400422650002400446700004600470700004300516700002900559IA_It also did sensitivity analysis demonstrates that the project is not very susceptible to higher inputs and lower selling prices, so you can determine that the project is technically and economically feasible.ESTUDIO DE FACTIBLIDAD TECNICO-ECONOMICO PARA LA I220117s xx 000 0 und d a185975 aDisponible en PDF 0aEntrepreneurshipzMexicozVeracruz 0aIniciativa empresarialzMéxicozVeracruz  aLemonsxPackaging  aLimonesxEnvasado  aCovarrubias Gutíerrez, Ignacio, asesor  aGarcía Chávez, Luis Ramiro, asesor1 aPonce Hernández, Pedro